banner koha

Brucella spp. in equines slaughtered in the south region of Brazil (Registro n. 329662)

MARC details
000 -LÍDER
fixed length control field 03800nab a2200349 i 4500
003 - CÓDIGO MARC DA AGÊNCIA CATALOGADORA
Campo de controle BR-BrBNA
005 - DATA E HORA DA ÚLTIMA ATUALIZAÇÃO
Campo de controle 20250124103806.0
008 - CAMPO DE TAMANHO FIXO
fixed length control field 250124b2016 bl.|r|pooa||| 00| 0 eng |
040 ## - FONTE DA CATALOGAÇÃO
Agência catalogadora BR-BrBNA
Idioma da catalogação eng
072 ## - CATEGORIA AGRIS
Código AGRIS L73
Código do objeto 5120
072 ## - CATEGORIA AGRIS
Código AGRIS L50
072 ## - CATEGORIA AGRIS
Código AGRIS L70
100 ## - ENTRADA PRINCIPAL - NOME PESSOAL
Nome pessoal Santos, R.F.
100 ## - ENTRADA PRINCIPAL - NOME PESSOAL
Nome pessoal Silva, G.C.P.
100 ## - ENTRADA PRINCIPAL - NOME PESSOAL
Nome pessoal Assis, N.A.
100 ## - ENTRADA PRINCIPAL - NOME PESSOAL
Nome pessoal Mathias, L.A.
245 ## - TÍTULO PRINCIPAL
Título principal Brucella spp. in equines slaughtered in the south region of Brazil
500 ## - NOTA GERAL
Nota geral <br/>Publicação online; 12 ref.; 4 illus.; Summaries (En, Pt)
942 ## - ADDED ENTRY ELEMENTS (KOHA)
Koha item type Analítica
520 ## - NOTA DE RESUMO
Nota de conteúdo <br/><br/><br/>ABSTRACT - Bacteria of the genus Brucella are widespread in many countries. These microorganisms can infect humans and many wild and domestic animal species. These bacteria have zoonotic potential, and can cause economic and public health problems since they can be transmitted by direct contact with sick animals, through consumption of contaminated milk, raw meat and its derivatives (Soares et al., 2015). Brucellosis is considered a chronic evolving disease, unusual in horses, predominantly caused by Brucella abortus. However, it is not characterized by reproductive disorders in horses, but primarily by abscess in the cervical region, bursa, tendons, and joints. Transmission is likely to occur via ingestion of contaminated water and pastures, especially in areas endemic for bovine brucellosis (Ribeiro et al., 2008). The slaughterhouse is a strategic point for obtaining information about the animal and animal products, edible or not. This study investigated the presence of anti-Brucella spp. immunoglobulins in the serum samples from horses slaughtered in a slaughterhouse in southern Brazil, to estimate the frequency of Brucella spp. antibodies and determine the spatial distribution of the cases.<br/><br/><br/>Keywords: equine, abattoirs, brucellosis, equine, fluorescence polarization, complement fixation
520 ## - NOTA DE RESUMO
Nota de conteúdo <br/><br/><br/>RESUMO - Objetivou-se investigar a presença de imunoglobulinas anti-Brucella spp. em amostras de soros sanguíneos de equídeos abatidos em matadouro-frigorífico, sob Serviço de Inspeção Federal, localizado na região Sul do Brasil. Utilizaram-se 767 amostras de sangue de equídeos adultos abatidos no período de abril a maio de 2013. Os animais foram provenientes de 45 municípios dos estados do Rio Grande do Sul, Santa Catarina e Paraná. Para diagnóstico, foram utilizados os testes do antígeno acidificado tamponado (AAT), sendo os resultados positivos confirmados pelos testes de polarização fluorescente (TPF), reação de fixação de complemento (RFC) e 2-mercaptoetanol (2-ME). Foram sororreagentes no AAT 65 (8,47%) animais. Destes, apenas dois (3,07%) foram positivos também na RFC e três (4,62%) animais foram positivos no TPF. Apesar da baixa frequência de animais positivos para Brucella spp., pode-se afirmar que a infecção em equinos está presente na área estudada, o que é demonstrado pela presença de animais sororreatores. No âmbito da saúde animal, pública e ocupacional, sugere-se a atenção a essa doença, visando diminuir o risco de infecção.<br/><br/><br/>Palavras-chave: equinos, abatedouro, brucelose, polarização fluorescente, reação de fixação de complemento
650 ## - ASSUNTO - THESAGRO
Cabeçalho tópico ou nome geográfico CAVALO
650 ## - ASSUNTO - THESAGRO
Cabeçalho tópico ou nome geográfico ABATEDOURO
650 ## - ASSUNTO - THESAGRO
Cabeçalho tópico ou nome geográfico BRUCELOSE
650 ## - ASSUNTO - THESAGRO
Cabeçalho tópico ou nome geográfico DOENÇA ANIMAL
650 ## - ASSUNTO - THESAGRO
Cabeçalho tópico ou nome geográfico HEMATOLOGIA
650 ## - ASSUNTO - THESAGRO
Cabeçalho tópico ou nome geográfico BIOQUÍMICA
650 ## - ASSUNTO - THESAGRO
Cabeçalho tópico ou nome geográfico VETERINÁRIA
773 0# - ENTRADA ANALÍTICA
Host Biblionumber 1643
Registro do item 348075
Imprenta Belo Horizonte-MG Universidade Federal de Minas Gerais - Escola de Veterinaria 1983
Outro identificador 2025-0570
Título Arquivo Brasileiro de Medicina Veterinária e Zootecnia (Brazil)
ISSN 0102-0935
Colação v. 68(4) p. 853-857; (2016)
Número de controle de registro BR2024004524
856 ## - ACESSO E ENDEREÇO ELETRÔNICO
Identificador uniforme de recurso - URI https://www.scielo.br/j/abmvz/a/Ldx349qrLQvY996M9Hjd9SC/?format=pdf&lang=en

Nenhum exemplar disponível.

BINAGRI

Telefone: (61)3218-2567/2388/3357/2097 - binagri@agro.gov.br

Ministério da Agricultura e Pecuária , Esplanada dos Ministérios, Bloco D, Anexo B, Brasília/DF, CEP: 70.043-900